Plats français - Mort Subite - Statistiques

Statistiques générales
  • Ce quiz a été pris 5 919 fois
  • Le résultat moyen est 12 sur 28
Answers on the Grid
Answers color-coded by a green-red scale on the quiz's grid according to % correct below.
Boeuf Bourguignon
Coq au vin
Ratatouille
Quiche Lorraine
Bouillabaisse
Tarte Flambée
Cassoulet
Escargots de Bourgogne
Soupe à l'oignon
Tielle sétoise
Matelote d'anguille
Croque-Monsieur
Carbonade flamande
Rillons de Tours
Gratin dauphinois
Pot-au-feu
Grillade de bœuf à la Chateaubriand
Crêpes Suzette
Poule au pot
Hachis Parmentier
Tartiflette
Homard Thermidor
Cargolade du Roussillon
Miroton de bœuf
Bouchée à la reine
Salade niçoise
Quenelle de brochet sauce Nantua
Aligot
Ragoût de canard marin
Soupe de lavande au miel
Melchior de saumon
Francesinha
Cornish Pasty
Lasagne
Ossobuco
Gazpacho de tomate
Asado lorrain
Brandade de sauce barbecue
Soufflé au bœuf bleu
Quiche liégeoise
 
Statistiques - réponses
Réponse % Correct
Boeuf Bourguignon
64%
Quiche Lorraine
63%
Cassoulet
62%
Coq au vin
61%
Pot-au-feu
60%
Gratin dauphinois
59%
Ratatouille
59%
Escargots de Bourgogne
58%
Salade niçoise
58%
Tartiflette
58%
Aligot
57%
Croque-Monsieur
55%
Bouillabaisse
54%
Soupe à l'oignon
53%
Hachis Parmentier
52%
Crêpes Suzette
47%
Bouchée à la reine
41%
Poule au pot
41%
Tarte Flambée
32%
Rillons de Tours
31%
Grillade de bœuf à la Chateaubriand
29%
Cargolade du Roussillon
25%
Quenelle de brochet sauce Nantua
23%
Tielle sétoise
21%
Carbonade flamande
20%
Miroton de bœuf
15%
Homard Thermidor
10%
Matelote d'anguille
7%
Aucun quiz correspondant
Distribution des résultats
% des personnes avec chaque résultat
Percentile par nombre de réponses
Votre historique - résultats
Vous n’avez pas pris ce quiz